000 00420nam a2200145Ia 4500
008 220217s9999||||xx |||||||||||||| ||und||
020 _a9788120347359
082 _a628.3 KAR
100 _aKaria, G.L and Christian, R.A
245 0 _aWastewater treatment
250 _a2nd
260 _aPrentice hall of india private Ltd.
_bNew Delhi
_c2015
300 _aXIII, 437p.
_b425
650 _aWATER SUPPLY ENGINEERING
999 _c187298
_d187298